000
00234nam a2200097Ia 4500
001
1049102
005
20250826232307.0
008
250824s9999 xx 000 0 und d
245
0
_a
MOR
_c
KAHRAMAN TAZEOĞLU
260
_b
DESTEK YAYINLARI
999
_c
1049102
_d
1049102